SAMS teach yourself database programming with Visual Basic 6 in 21 days (Record no. 61837)

000 -LEADER
fixed length control field 00766nam a22002177a 4500
003 - CONTROL NUMBER IDENTIFIER
control field NUST-PNEC
005 - DATE AND TIME OF LATEST TRANSACTION
control field 20170116180732.0
008 - FIXED-LENGTH DATA ELEMENTS--GENERAL INFORMATION
fixed length control field 141119b xxu||||| |||| 00| 0 eng d
020 ## - INTERNATIONAL STANDARD BOOK NUMBER
International Standard Book Number 8176351733
020 ## - INTERNATIONAL STANDARD BOOK NUMBER
International Standard Book Number 0672313081
040 ## - CATALOGING SOURCE
Transcribing agency PNEC
082 ## - DEWEY DECIMAL CLASSIFICATION NUMBER
Classification number 005.268 SMI
100 ## - MAIN ENTRY--PERSONAL NAME
9 (RLIN) 1001
Personal name Smith Curtis
245 ## - TITLE STATEMENT
Title SAMS teach yourself database programming with Visual Basic 6 in 21 days
Statement of responsibility, etc. Curtis Smith; Michael Amundsen
260 ## - PUBLICATION, DISTRIBUTION, ETC.
Place of publication, distribution, etc. Indianapolis, Ind. :
Name of publisher, distributor, etc. Sams Publishing,
Date of publication, distribution, etc. c1999
300 ## - PHYSICAL DESCRIPTION
Extent xxi, 882 p. :
Other physical details ill. ;
Dimensions 23 cm
500 ## - GENERAL NOTE
General note Includes index.
650 ## - SUBJECT ADDED ENTRY--TOPICAL TERM
General subdivision MIS, Computer
856 ## - ELECTRONIC LOCATION AND ACCESS
Uniform Resource Identifier <a href="http://www.amazon.com/Teach-Yourself-Database-Programming-Visual/dp/0672313081/ref=sr_1_1?ie=UTF8&qid=1416376682&sr=8-1&keywords=0672313081">http://www.amazon.com/Teach-Yourself-Database-Programming-Visual/dp/0672313081/ref=sr_1_1?ie=UTF8&qid=1416376682&sr=8-1&keywords=0672313081</a>
942 ## - ADDED ENTRY ELEMENTS (KOHA)
Source of classification or shelving scheme
Koha item type Book
Holdings
Withdrawn status Lost status Source of classification or shelving scheme Damaged status Not for loan Permanent Location Current Location Shelving location Date acquired Source of acquisition Cost, normal purchase price Total Checkouts Full call number Barcode Date last seen Cost, replacement price Price effective from Koha item type
          Pakistan Navy Engineering College (PNEC) Pakistan Navy Engineering College (PNEC)   06/05/2002 Fair Book Center 562.00   005.268 SMI PNECLIB-025724 11/19/2014 562.00 06/05/2002 Book
© 2023 Central Library, National University of Sciences and Technology. All Rights Reserved.